| 000 | 00418nam a22001337a 4500 | ||
|---|---|---|---|
| 003 | SGT | ||
| 082 |
_a615 _bA10M |
||
| 100 | _aMINISTRY OF HEALTH & FAMILY WELFARE. | ||
| 245 | _aAPPLICATION OF STANDARDISED NAMBURI PHASED SPOT TEST IN IDENTIFICATION OF BHASMA AND SINDURA PREPARATIONS OF AYURVEDA | ||
| 260 |
_aDELHI _bMINISTRY OF HEALTH & FAMILY WELFARE. _c2010 |
||
| 300 | _a117 | ||
| 650 | _aAYURVEDA | ||
| 942 |
_2ddc _cBK |
||
| 999 |
_c8649 _d8649 |
||